000 00739pam a2200205 a 4500
001 2031589
005 20241214092125.0
008 920723s1993 nyuab b 001 0 eng
020 _a9780024190123
050 0 0 _aQE28.2
_b.T37 1993
082 0 0 _a550
_220
100 1 _aTarbuck, Edward J.
245 1 4 _aThe earth :
_ban introduction to physical geology /
_cEdward J. Tarbuck, Frederick K. Lutgens.
250 _a4th ed.
260 _aNew York :
_bMacmillan ;
_aToronto :
_bMaxwell Macmillan Canada ;
_aNew York :
_bMaxwell Macmillan International,
_cc1993.
300 _axvi, 654 p. :
_bill. (some col.), maps (some col.) ;
_c28 cm.
650 0 _aPhysical geology
_vTextbooks.
700 1 _aLutgens, Frederick K.
942 _2lcc
_cBK
_e4th ed.
_n0
999 _c2197
_d2197